000 00669nam a2200229Ia 4500
003 OSt
005 20220926011939.0
006 a|||||r|||| 00| 0
007 ta
008 220923b |||||||| |||| 00| 0 eng d
037 _cGeneral Book
040 _aRTL
_cRTL
_beng
041 _2eng
_aeng
082 _aX:87:(Y), L6
100 _aBennis Warren G.
_984443
245 0 _aUnconcious conspiracy
_b Why leaders can't lead
260 _aNew York
_bAmerican Management Association U. S. A.
_c1976
300 _aix, 176p.
_ccm.
650 _aExecutive Management
942 _hX:87:(Y), L6
_cGB
_2CC
999 _c621319
_d621319